| 000 | 00743nam a2200193Ia 4500 | ||
|---|---|---|---|
| 008 | 0000001987 sp f 0000000000spa00 | ||
| 090 | _aPSP00 O77s | ||
| 100 | 1 |
_aOrtiz, Salom _d1942 |
|
| 245 | 1 | 0 | _aSalom Ortiz |
| 300 |
_a[4] lams. sueltas _c/ 30 cm. + 1 folleto |
||
| 500 | _aExposición realizada en Velazquez Galería de Arte, Valladolid, Octubre 110, 1987 \ Con el patronazgo del maestro venezolano Jesús Rafael Soto (q.e.p.d.) | ||
| 600 | 0 | 0 |
_aORTIZ, SALOM, 1942/ _xTRABAJOS PICTORICOS |
| 650 | 1 | 4 | _aARTE CONTEMPORANEO ESPAÑOL |
| 650 | 1 | 4 | _xCATALOGOS |
| 650 | 1 | 4 | _xEXPOSICIONES |
| 650 | 1 | 4 | _aPINTORES ESPAÑOLES |
| 650 | 1 | 4 | _aPINTURA ESPAÑOLA |
| 999 |
_c6676 _d6676 |
||
| 260 |
_aValladolid (España) : Velazquez Galería de Arte _c1987 |
||